000
00223nam a2200097Ia 4500
005
20251222114415.0
008
251222s1900||||xx |||||||||||||| ||spa||
082
_a
DVD0155/M86/2013
245
0
_a
Un Dios prohibido:
942
_c
DVD
999
_c
2200
_d
2200